000 01067 a2200205 4500
003 Nust
005 20221208123135.0
010 _a 82014054
020 _a0070106886
040 _cNust
082 0 0 _a530.141, CHE
100 1 _aChen, Hollis C.
_9104458
245 1 0 _aTheory of electromagnetic waves :
_ba coordinate-free approach /
_cHollis C. Chen.
260 _aNew York :
_bMcGraw-Hill Book Co.,
_cc1985.
300 _axiv, 449 p. :
_bill. ;
_c25 cm.
440 0 _aMcGraw-Hill series in electrical engineering.
_920188
505 _aLinear Analysis (Page-1), Basic Equations of Electrodynamics (Page-58), Some General Properties of Plane waves (Page-89), Plane Waves in Isotropic Media (Page-123), Plane Waves in Crystals (Page-181), Plane Waves in Uniaxial Media (Page-219), Plane Waves in Plasmas and Ferrites (Page-263), Plane Wave sin Moving Media (Page-299), Radiation in an Isotropic Medium (Page-340), Radiation in an Uniaxial Medium (Page-370), Radiation in an Moving Medium (Page-390).
650 0 _aElectromagnetic waves.
_910533
942 _2ddc
_cBK
999 _c189399
_d189399